| 000 | 01100cam a22002655a 4500 | ||
|---|---|---|---|
| 001 | L159939 | ||
| 008 | 180409s2018 xxk f 001 0 eng d | ||
| 020 | _a9780727761866 | ||
| 035 | _a(Sirsi) u159939 | ||
| 041 | 0 | _aeng | |
| 050 | 0 | 4 | _aF692.8 |
| 100 | 1 | _aMitchell, Bronwyn | |
| 245 | 0 | 0 |
_aManaging reality _bbook 3 _bmanaging the contract |
| 250 | _a3 ed | ||
| 260 |
_aLondon _bICE Publishing _c2018 |
||
| 300 |
_axix, 86p. _c30cm. |
||
| 490 | 0 |
_aManaging Reality _v3 |
|
| 520 | _aThird of a five part volume on managing the ECC contract is intended for those who use the contract on a daily basis. Covers payment procedures including application for payment, when assessments take place, issue of payment certificates, invoicing and when payment takes place. Then discusses aspects relating to the contractor's programme and also the control of quality. Concludes by discussing disputes and dispute resolution. | ||
| 520 | _aSupersedes 2 ed (ISBN 9780727757227) | ||
| 651 | 4 |
_aUnited Kingdom _y |
|
| 690 |
_aContracts _96232 |
||
| 700 | 1 | _aTrebes, Barry | |
| 856 | 4 | 8 |
_u _z |
| 942 | _n0 | ||
| 999 |
_c116163 _d116163 |
||